Helios už desaťročný

Bibliographic Details
Main Author: Chudý, Peter, 1952- (Author)
Format: Article
Language:Slovak
PhysicalDescription:Obr. 3.
Subjects:

MARC

LEADER 00000nab a2200000 a 4500
001 vtls000257648
003 SK-MaSNL
005 20260302220753.0
008 220422c1986 xo 0 slo
015 |a SNBRB19rr/mm-uuuuu 
035 |a CL0267762 
040 |a SNKBUCL  |b slo  |c SNKBUCL  |e AACR2 
041 0 |a slo 
044 |a xo  |c SK 
080 |a 362.13:616-002.5  |2 1981 
080 |a 616-002.5  |2 1981 
080 |a 615.834/.835  |2 1981 
100 1 |a Chudý, Peter,  |d 1952-  |4 aut  |9 294620 
245 1 0 |a Helios už desaťročný  |c Peter Chudý 
300 |b Obr. 3. 
650 0 7 |a Helios, Štrbské Pleso  |2 snkbucl  |9 946947 
650 0 7 |a sanatóriá  |2 snkbucl  |9 24123 
651 7 |a 5406  |2 snkbucl  |9 276477 
655 7 |a články z novín a časopisov  |2 snkbucl  |9 267496 
773 0 |t Vysoké Tatry  |g Roč. 25, č. 5 (1986), s. 8-9 
850 |a Slovenská národná knižnica v Martine  |a MTA001 
852 |a SNK  |b KIS3GCP 
958 |a RK 
958 |a ME 
992 |a RBX 
999 |c 1508513  |d 1510443